000 00484nam a2200169Ia 4500
999 _c14201
_d14201
003 OSt
005 20260305115422.0
008 190216s9999||||xx |||||||||||||| ||und||
040 _coclc
082 _a894.81237
_bDAS/S
100 _aDas, Kamala
_95366
245 4 _aThe Sandal Trees And Other Stories /
_cKamala Das
260 _bAsha Books,
_c1995.
_ahydrabad:
300 _a141p
650 _aEnglish
942 _cBK
_2ddc
_h894.81237
_iDAS/S
_k894.81237
_mDAS/S